[Event "TCh-FRA Top 16 GpB 2025"]
[Site "Belfort FRA"]
[Date "2025.05.22"]
[Round "1.1"]
[White "Van Wely, Loek"]
[Black "Esipenko, Andrey"]
[Result "1-0"]
[WhiteTitle "GM"]
[BlackTitle "GM"]
[WhiteElo "2609"]
[BlackElo "2695"]
[WhiteTeam "Clichy Echecs 92"]
[BlackTeam "Asnieres - le Grand Echiquier"]
[WhiteFideId "1000268"]
[BlackFideId "24175439"]
[EventDate "2025.05.22"]

1. d4 d5 2. c4 dxc4 3. Nf3 Nf6 4. e3 e6 5. Bxc4 c5 6. O-O a6 7. dxc5 Bxc5 8.
Qxd8+ Kxd8 9. Ne5 Ke7 10. Be2 Nbd7 11. Nc4 b6 12. Nbd2 a5 13. Nb3 Ba6 14. Nxc5
bxc5 15. b3 Rhb8 16. Ba3 a4 17. Rfc1 axb3 18. axb3 Rxb3 19. Nd2 Rbb8 20. Bf3 Nd5
21. Bxd5 exd5 22. Bxc5+ Nxc5 23. Rxc5 Bc4 24. Rd1 Rc8 25. Rxc8 Rxc8 26. Ra1 Rb8
27. Nf3 Ba2 28. Nd4 Rb1+ 29. Rxb1 Bxb1 30. Kf1 g5 31. Ke2 h5 32. g3 Kd6 33. h4
f6 34. f3 g4 35. fxg4 hxg4 36. h5 Ke5 37. h6 Bh7 38. Nc6+ Kd6 39. Nb4 Ke5 40.
Nd3+ Kf5 41. Nf4 Ke5 42. Kd2 d4 43. exd4+ Kxd4 44. Ne6+ Ke4 45. Ke2 Bg8 46. Nf8
f5 47. Nd7 1-0

[Event "TCh-FRA Top 16 GpB 2025"]
[Site "Belfort FRA"]
[Date "2025.05.22"]
[Round "1.2"]
[White "Harikrishna, Pentala"]
[Black "Amin, Bassem"]
[Result "0-1"]
[WhiteTitle "GM"]
[BlackTitle "GM"]
[WhiteElo "2707"]
[BlackElo "2649"]
[WhiteTeam "Asnieres - le Grand Echiquier"]
[BlackTeam "Clichy Echecs 92"]
[WhiteFideId "5007003"]
[BlackFideId "10601457"]
[EventDate "2025.05.22"]

1. e4 e5 2. Nf3 Nc6 3. Bb5 Nf6 4. d3 Bc5 5. c3 O-O 6. O-O d6 7. h3 Ne7 8. d4 Bb6
9. Re1 d5 10. exd5 exd4 11. cxd4 Nfxd5 12. Nc3 c6 13. Bd3 Bf5 14. Nxd5 cxd5 15.
Bf4 Rc8 16. Re2 Bg6 17. Bxg6 Nxg6 18. Bg3 Re8 19. Rxe8+ Qxe8 20. Qb3 Qd7 21. Re1
f6 22. Qa3 Rc6 23. h4 h5 24. Qd3 Kf7 25. Nd2 Ba5 26. Rd1 Bxd2 27. Rxd2 Ne7 28.
Kh2 Nf5 29. Qf3 Kg6 30. Qd1 Qc8 31. Qf3 Qe6 32. Re2 Qd7 33. Rd2 Rc4 34. Qd1 Qc8
35. Rd3 Rc1 36. Qb3 Qe6 37. Rd1 Rxd1 38. Qxd1 Qe4 39. Qa4 a6 40. Qd7 b5 41. Qc6
Nh6 42. f3 Qxd4 43. Qxa6 Qxb2 44. Qa8 Qd2 45. Qe8+ Kh7 46. Qxb5 Qxa2 47. Qd3+ g6
48. Qe3 Kg7 49. Qe7+ Nf7 50. Bf4 Qa8 51. Be3 Qd8 52. Qa7 Kg8 53. Bd4 Qd6+ 54.
Kg1 Ne5 55. Qa8+ Kg7 56. Qb7+ Qd7 57. Qa8 Nc6 58. Bc5 Nd8 59. Kf2 Ne6 60. Bb4
Kf7 61. Bd2 Nc5 62. Qa3 Qb5 63. Kg3 Qb6 64. Qa8 Qe6 65. Qa7+ Qe7 66. Qa8 Qd7 67.
Bh6 Ke6 68. Qg8+ Kf5 69. Kh3 d4 70. g4+ hxg4+ 71. fxg4+ Ke5 72. Qxg6 d3 73. Kg3
Qe6 74. Be3 d2 75. Bf4+ Kd4 76. Bxd2 Ne4+ 77. Kg2 Nxd2 78. h5 Qe2+ 79. Kh3 Qf1+ 0-1

[Event "TCh-FRA Top 16 GpB 2025"]
[Site "Belfort FRA"]
[Date "2025.05.22"]
[Round "1.3"]
[White "Gurel, Ediz"]
[Black "Martirosyan, Haik M."]
[Result "1/2-1/2"]
[WhiteTitle "GM"]
[BlackTitle "GM"]
[WhiteElo "2636"]
[BlackElo "2635"]
[WhiteTeam "Clichy Echecs 92"]
[BlackTeam "Asnieres - le Grand Echiquier"]
[WhiteFideId "44507356"]
[BlackFideId "13306553"]
[EventDate "2025.05.22"]

1. e4 e5 2. Nf3 Nc6 3. Bb5 Nf6 4. d3 Bc5 5. Bxc6 dxc6 6. Nbd2 Nd7 7. O-O O-O 8.
Nc4 Re8 9. a4 a5 10. Kh1 f6 11. Be3 Bb4 12. Ng1 Nf8 13. Ne2 Be6 14. Nd2 Ng6 15.
f4 exf4 16. Nxf4 Nxf4 17. Bxf4 Qd7 18. Qf3 Rf8 19. Qg3 Rf7 20. Nf3 Raf8 21. h3
Bd6 22. Rae1 Bxf4 23. Qxf4 Qd6 24. Qe3 c5 25. Rf2 b6 26. b3 Qg3 27. Ref1 h6 28.
Qe1 Qd6 29. Nh4 Qg3 30. Nf3 Qd6 31. Nh4 Qg3 32. Nf5 Bxf5 33. exf5 Rd8 34. Re2
Qxe1 35. Rfxe1 Rfd7 36. g4 Kf7 37. Kg2 h5 38. Kg3 hxg4 39. hxg4 Rh8 40. Re6 Rhd8
41. Kf4 Rh8 42. Kg3 Rhd8 43. R6e4 Rh8 44. R4e3 Rhd8 45. Kf4 Rh8 46. Kg3 Rhd8 1/2-1/2

[Event "TCh-FRA Top 16 GpB 2025"]
[Site "Belfort FRA"]
[Date "2025.05.22"]
[Round "1.4"]
[White "Pelletier, Yannick"]
[Black "Hamdouchi, Hicham"]
[Result "1-0"]
[WhiteTitle "GM"]
[BlackTitle "GM"]
[WhiteElo "2519"]
[BlackElo "2525"]
[WhiteTeam "Asnieres - le Grand Echiquier"]
[BlackTeam "Clichy Echecs 92"]
[WhiteFideId "1301837"]
[BlackFideId "9000011"]
[EventDate "2025.05.22"]

1. d4 Nf6 2. c4 g6 3. Nc3 Bg7 4. e4 d6 5. Be2 O-O 6. Nf3 e5 7. O-O Nbd7 8. Be3
Qe7 9. Qc2 c6 10. Rad1 h6 11. Bc1 exd4 12. Nxd4 Re8 13. f3 a6 14. Qd2 Ne5 15. f4
Ned7 16. Bf3 Nb6 17. b3 Bg4 18. Bxg4 Nxg4 19. Ba3 Qc7 20. Nde2 Nc8 21. h3 Qa5
22. Qc1 Nf6 23. Ng3 b5 24. b4 Qc7 25. c5 Nd7 26. e5 d5 27. Bb2 a5 28. a3 axb4
29. axb4 Ne7 30. Qb1 h5 31. Nge2 Nf5 32. Rd3 h4 33. g4 hxg3 34. Nxg3 Nh4 35. Qd1
Nf8 36. Qg4 Qe7 37. Rfd1 Nh7 38. Kh1 Kh8 39. Nce2 Ra2 40. Bc3 Nf5 41. Nxf5 gxf5
42. Qh5 Rxe2 43. Qxe2 Qh4 44. Rg1 Nf8 45. Rg5 Qxf4 46. Qh5+ Nh7 47. Rxf5 Qc1+
48. Qd1 Qxd1+ 49. Rxd1 Kg8 50. Ra1 Re7 51. Ra8+ Nf8 52. Rc8 Ra7 53. Rf1 Ra3 54.
e6 Rxc3 55. e7 Rxh3+ 56. Kg2 Re3 57. exf8=Q+ Bxf8 58. Kf2 Re6 59. Rg1+ Rg6 60.
Rxc6 Kg7 61. Rc8 Be7 62. Rxg6+ Kxg6 63. c6 Kf6 64. Re8 1-0

[Event "TCh-FRA Top 16 GpB 2025"]
[Site "Belfort FRA"]
[Date "2025.05.22"]
[Round "1.5"]
[White "Le Roux, Jean-Pierre"]
[Black "Cornette, Matthieu"]
[Result "1/2-1/2"]
[WhiteTitle "GM"]
[BlackTitle "GM"]
[WhiteElo "2475"]
[BlackElo "2527"]
[WhiteTeam "Clichy Echecs 92"]
[BlackTeam "Asnieres - le Grand Echiquier"]
[WhiteFideId "609404"]
[BlackFideId "620084"]
[EventDate "2025.05.22"]

1. d4 Nf6 2. Nf3 d5 3. Bg5 Ne4 4. Bh4 h5 5. Nfd2 Nd6 6. c3 Nf5 7. Bg3 Nxg3 8.
hxg3 g6 9. e4 Bg7 10. exd5 Qxd5 11. Nc4 c5 12. Ne3 Qd6 13. d5 O-O 14. Nd2 Bh6
15. f4 Nd7 16. Ne4 Qb6 17. Nc4 Qd8 18. Be2 Nb6 19. Ne3 e5 20. dxe6 Bxe6 21. Bxh5
Bg7 22. Bf3 Nc4 23. Nxc4 Bxc4 24. Qxd8 Raxd8 25. Rd1 b6 26. a3 f5 1/2-1/2

[Event "TCh-FRA Top 16 GpB 2025"]
[Site "Belfort FRA"]
[Date "2025.05.22"]
[Round "1.6"]
[White "Moussard, Jules"]
[Black "Delorme, Axel"]
[Result "1-0"]
[WhiteTitle "GM"]
[BlackTitle "GM"]
[WhiteElo "2597"]
[BlackElo "2475"]
[WhiteTeam "Asnieres - le Grand Echiquier"]
[BlackTeam "Clichy Echecs 92"]
[WhiteFideId "642908"]
[BlackFideId "632023"]
[EventDate "2025.05.22"]

1. c4 e6 2. Nc3 d5 3. d4 Nf6 4. cxd5 exd5 5. Bg5 Be7 6. e3 O-O 7. Bd3 c6 8. Nf3
Nbd7 9. O-O Re8 10. Qc2 Nf8 11. h3 g6 12. Ne5 N6d7 13. Bxe7 Qxe7 14. f4 f6 15.
Ng4 h5 16. Bxg6 hxg4 17. Bxe8 Qxe8 18. e4 Nb6 19. f5 gxh3 20. Rae1 dxe4 21. Nxe4
Qd8 22. Qb3+ Nd5 23. Qg3+ Kh8 24. Nd6 Qc7 25. Re8 1-0

[Event "TCh-FRA Top 16 GpB 2025"]
[Site "Belfort FRA"]
[Date "2025.05.22"]
[Round "1.7"]
[White "Belkaid, Sohan"]
[Black "Maze, Sebastien"]
[Result "1/2-1/2"]
[WhiteTitle "FM"]
[BlackTitle "GM"]
[WhiteElo "2348"]
[BlackElo "2548"]
[WhiteTeam "Clichy Echecs 92"]
[BlackTeam "Asnieres - le Grand Echiquier"]
[WhiteFideId "45180350"]
[BlackFideId "613762"]
[EventDate "2025.05.22"]

1. e4 e5 2. Nf3 Nc6 3. Bc4 Nf6 4. d3 Bc5 5. c3 a6 6. O-O d6 7. Bg5 h6 8. Bh4 Ba7
9. Nbd2 g5 10. Bg3 Qe7 11. a4 Nh7 12. Kh1 Nf8 13. Ng1 h5 14. f3 Ng6 15. Bf2 h4
16. b4 Nf4 17. Ne2 Qf6 18. Bxa7 Rxa7 19. Rf2 Ne7 20. Nf1 c6 21. Ne3 Ra8 22. a5
Bd7 23. d4 Rd8 24. Ra2 Neg6 25. Rd2 Ke7 26. Ba2 Bc8 27. Rf1 Nh5 28. Kg1 Ngf4 29.
Rf2 Ng3 30. Nc1 Qh6 31. dxe5 dxe5 32. Rxd8 Rxd8 33. Rd2 Rxd2 34. Qxd2 g4 35. Qe1
gxf3 36. hxg3 Ne2+ 37. Nxe2 Qxe3+ 38. Qf2 Qxe2 39. gxf3 Qd1+ 1/2-1/2

[Event "TCh-FRA Top 16 GpB 2025"]
[Site "Belfort FRA"]
[Date "2025.05.22"]
[Round "1.8"]
[White "Guichard, Pauline"]
[Black "Broly, Mathilde"]
[Result "1-0"]
[WhiteTitle "IM"]
[BlackTitle "WFM"]
[WhiteElo "2324"]
[BlackElo "2077"]
[WhiteTeam "Asnieres - le Grand Echiquier"]
[BlackTeam "Clichy Echecs 92"]
[WhiteFideId "639370"]
[BlackFideId "20682794"]
[EventDate "2025.05.22"]

1. d4 d5 2. Nf3 e6 3. g3 Nf6 4. Bg2 Bd6 5. c4 dxc4 6. Qc2 a6 7. O-O Nbd7 8. Rd1
c5 9. Nbd2 b5 10. Ng5 Nd5 11. Nde4 Be7 12. dxc5 h6 13. Nh3 Bb7 14. Nf4 O-O 15.
Nxd5 exd5 16. Nd6 Bxd6 17. cxd6 Nf6 18. Bf4 Re8 19. h4 Qb6 20. Bf3 Rad8 21. Qc3
Ne4 22. Qd4 Qxd4 23. Rxd4 Nxd6 24. Rad1 Nf5 25. R4d2 Ne7 26. Kf1 f5 27. Be3 Rc8
28. Bb6 Kh7 29. a3 Rf8 30. Ba5 Nc6 31. Bc3 Ne7 32. Bb4 Rf7 33. Bh5 g6 34. Bf3
Re8 35. e3 Kg7 36. h5 g5 37. Bc3+ Kh7 38. Rd4 Rd8 39. Bb4 Kg7 40. R4d2 Re8 41.
Rd4 Kf6 42. Bc3 Ke6 43. g4 Kd7 44. Bb4 Kc7 45. Ba5+ Kb8 46. Bb4 Kc7 47. R4d2 Bc6
48. Ke2 fxg4 49. Bxg4 Ng8 50. f3 Kb6 51. Bc3 Ref8 52. Bd4+ Kb7 53. Bc5 Re8 54.
Bd4 Ref8 55. Rf1 Bd7 56. Bc5 Rc8 57. Rxd5 Bxg4 58. fxg4 Rxf1 59. Kxf1 Nf6 60.
Rf5 Nxg4 61. Bd4 b4 62. axb4 Re8 63. Ke2 Kc6 64. Kf3 1-0

[Event "TCh-FRA Top 16 GpB 2025"]
[Site "Belfort FRA"]
[Date "2025.05.22"]
[Round "1.1"]
[White "Van Foreest, Jorden"]
[Black "Aryan, Chopra"]
[Result "1/2-1/2"]
[WhiteTitle "GM"]
[BlackTitle "GM"]
[WhiteElo "2687"]
[BlackElo "2620"]
[WhiteTeam "Aix-En-Provence"]
[BlackTeam "Grasse Echecs"]
[WhiteFideId "1039784"]
[BlackFideId "5084423"]
[EventDate "2025.05.22"]

1. d4 d5 2. Nf3 Nf6 3. g3 c6 4. c4 Bg4 5. Ne5 Bf5 6. Qb3 Qb6 7. cxd5 Qxb3 8.
axb3 Nxd5 9. Bd2 e6 10. Bg2 Bxb1 11. Rxb1 Bb4 12. h4 Nd7 13. Nd3 Bxd2+ 14. Kxd2
Ke7 15. Ra1 h6 16. b4 a6 17. h5 Rhd8 18. e3 Nc7 19. Ke2 Nb5 20. g4 Nf6 21. Bf3
Nd5 22. Rhg1 f6 23. Be4 b6 24. f4 Nd6 25. Bh1 Kd7 26. Rgc1 Ra7 27. Rc2 Ne7 28.
Bf3 Rda8 29. Rd1 Nb5 30. g5 Rc7 31. Rg1 Nf5 32. Rcc1 Rac8 33. gxf6 gxf6 34. Rg6
Ke7 35. Ra1 Nbd6 36. Kf2 Nc4 37. Re1 Kf7 38. Be4 Nfd6 39. Bg2 Nf5 40. Bh3 Ne7
41. Rg2 Nf5 42. b3 Ncd6 43. Rg6 Nh4 44. Rg4 Ne4+ 45. Ke2 Nf5 46. Bg2 Neg3+ 47.
Kf2 Nxh5 48. Bf3 Nhg7 49. Reg1 Ne8 50. Rg8 Ned6 51. Rxc8 Rxc8 52. Ra1 Ra8 53.
Bxc6 Rc8 54. d5 Ne7 55. dxe6+ Kxe6 56. Bf3 Rc3 57. Ke2 Rxb3 58. Rxa6 Nec8 59.
Ra1 Rc3 60. Kd2 Rc7 61. e4 Nc4+ 62. Ke2 N8d6 63. Rh1 Nf7 64. Rc1 Nfd6 65. Rh1
Nf7 66. Rc1 Nfd6 67. Rh1 1/2-1/2

[Event "TCh-FRA Top 16 GpB 2025"]
[Site "Belfort FRA"]
[Date "2025.05.22"]
[Round "1.2"]
[White "Demuth, Adrien"]
[Black "Cheparinov, Ivan"]
[Result "1/2-1/2"]
[WhiteTitle "GM"]
[BlackTitle "GM"]
[WhiteElo "2524"]
[BlackElo "2641"]
[WhiteTeam "Grasse Echecs"]
[BlackTeam "Aix-En-Provence"]
[WhiteFideId "642274"]
[BlackFideId "2905540"]
[EventDate "2025.05.22"]

1. d4 Nf6 2. Nc3 d5 3. Bf4 g6 4. e3 Bg7 5. Nb5 Na6 6. Nc3 O-O 7. Bxa6 bxa6 8.
Be5 Rb8 9. b3 e6 10. Nf3 Re8 11. O-O Bf8 12. Bxf6 Qxf6 13. Ne5 c5 14. Na4 Rb7
15. c3 Rc7 16. Qd2 Bd6 17. f4 cxd4 18. exd4 a5 19. b4 Qd8 20. Nc5 f6 21. Ned3
Rg7 22. Rae1 Bc7 23. Rf3 Qd6 24. Kh1 Rge7 25. a3 Ba6 26. Nxa6 Qxa6 27. Rfe3 Qc4
28. g3 Bd6 29. Kg2 Qc6 30. Kg1 Qa4 31. Qb2 Qb5 32. Qd2 axb4 33. axb4 a5 34. bxa5
Qxa5 35. Nf2 Kf7 36. Qe2 Qc7 37. Qf3 Kg7 38. Kg2 Qd7 39. R1e2 Rc8 40. Qg4 Rce8
41. Qf3 Rc8 1/2-1/2

[Event "TCh-FRA Top 16 GpB 2025"]
[Site "Belfort FRA"]
[Date "2025.05.22"]
[Round "1.3"]
[White "Yuffa, Daniil"]
[Black "Lupulescu, Constantin"]
[Result "1/2-1/2"]
[WhiteTitle "GM"]
[BlackTitle "GM"]
[WhiteElo "2655"]
[BlackElo "2574"]
[WhiteTeam "Aix-En-Provence"]
[BlackTeam "Grasse Echecs"]
[WhiteFideId "24131423"]
[BlackFideId "1207822"]
[EventDate "2025.05.22"]

1. Nf3 d5 2. c4 e6 3. g3 dxc4 4. Bg2 a6 5. O-O Nf6 6. Qc2 b5 7. Ne1 Ra7 8. a4 b4
9. Qxc4 Bb7 10. d3 Bd5 11. Qc2 c5 12. e4 Ba8 13. Nd2 Nc6 14. Nb3 Nd7 15. Be3 Rc7
16. f4 Nd4 17. Bxd4 cxd4 18. Qd1 Nc5 19. Nf3 Be7 20. Nxc5 Bxc5 21. Nd2 O-O 22.
e5 Bxg2 23. Kxg2 b3 24. Qf3 Qd7 25. Rf2 Rb8 26. a5 g6 27. g4 Bb4 28. Nc4 Kg7 29.
f5 gxf5 30. gxf5 Rg8 31. Kh1 Kh8 32. fxe6 fxe6 33. Rg1 Qd5 34. Rxg8+ Kxg8 35.
Kg1 Rg7+ 36. Kf1 Qxf3 37. Rxf3 Rf7 38. Ke2 Rxf3 39. Kxf3 Kg7 40. Ke4 Bc3 41. Kf4
Kh6 42. Kg4 Kg6 43. h4 Kh6 44. h5 Be1 45. Nd6 Bxa5 46. Nf7+ Kg7 47. Ng5 Bb6 48.
Nxe6+ Kg8 49. Ng5 a5 50. e6 Bc5 51. Ne4 Bb4 52. Nf6+ Kg7 53. Nd5 a4 54. h6+ Kf8
55. Nf6 a3 56. Nxh7+ Ke7 57. Ng5 Kf6 58. h7 Kg7 59. bxa3 Bxa3 60. Ne4 Kxh7 61.
Nd2 b2 62. Kf5 Bb4 63. Nb1 Kg7 64. Ke5 Bc3 65. Kd6 Kf6 66. e7 Bb4+ 1/2-1/2

[Event "TCh-FRA Top 16 GpB 2025"]
[Site "Belfort FRA"]
[Date "2025.05.22"]
[Round "1.4"]
[White "Pranav, V"]
[Black "Gozzoli, Yannick"]
[Result "1/2-1/2"]
[WhiteTitle "GM"]
[BlackTitle "GM"]
[WhiteElo "2621"]
[BlackElo "2567"]
[WhiteTeam "Grasse Echecs"]
[BlackTeam "Aix-En-Provence"]
[WhiteFideId "25060783"]
[BlackFideId "616915"]
[EventDate "2025.05.22"]

1. e4 e5 2. Nf3 Nc6 3. Bb5 a6 4. Ba4 Nf6 5. O-O b5 6. Bb3 Bb7 7. d3 Bc5 8. Nc3
O-O 9. a4 Na5 10. Ba2 b4 11. Ne2 Re8 12. Ng3 d5 13. Be3 Bf8 14. Nd2 dxe4 15.
dxe4 Bc8 16. Nh5 Nxh5 17. Qxh5 Be6 18. Bxe6 Rxe6 19. Nf3 f6 20. b3 Qe8 21. Qxe8
Raxe8 22. Rfd1 Rc6 23. Rac1 Bc5 24. Bd2 Rd8 25. Kf1 Bf8 26. Ke2 Rcd6 27. Be3
Rxd1 28. Rxd1 Rxd1 29. Kxd1 Kf7 30. Ke2 Ke6 31. Kd3 Nb7 32. Nd2 Kd7 33. f3 Kc6
34. Nc4 Bc5 35. Bd2 Bf8 36. Ne3 Nc5+ 37. Kc4 a5 38. c3 bxc3 39. Bxc3 Nb7 40. g3
Bc5 41. Nf5 g6 42. Nh6 Bg1 43. h3 Kd7 44. f4 Nc5 45. fxe5 Nxe4 46. Bxa5 fxe5 47.
Ng4 Kd6 48. Kd3 Nc5+ 49. Kc4 Ne4 50. Kd3 Nc5+ 51. Kc4 Ne4 52. Kd3 1/2-1/2

[Event "TCh-FRA Top 16 GpB 2025"]
[Site "Belfort FRA"]
[Date "2025.05.22"]
[Round "1.5"]
[White "Bacrot, Etienne"]
[Black "Barbot, Pierre1"]
[Result "1-0"]
[WhiteTitle "GM"]
[BlackTitle "IM"]
[WhiteElo "2633"]
[BlackElo "2454"]
[WhiteTeam "Aix-En-Provence"]
[BlackTeam "Grasse Echecs"]
[WhiteFideId "605506"]
[BlackFideId "663727"]
[EventDate "2025.05.22"]

1. d4 Nf6 2. c4 e6 3. Nc3 Bb4 4. e3 O-O 5. Bd3 d5 6. a3 Be7 7. Nf3 Nbd7 8. O-O
c5 9. b3 b6 10. cxd5 exd5 11. Bb2 Bb7 12. Ne5 cxd4 13. exd4 Ne4 14. Re1 Nxe5 15.
dxe5 Rc8 16. Nb5 Bc5 17. Bxe4 dxe4 18. b4 a6 19. bxc5 axb5 20. Qxd8 Rfxd8 21.
cxb6 Rc2 22. Bc1 Kf8 23. h3 Ke8 24. Bg5 Rd3 25. a4 bxa4 26. Rxa4 Kd7 27. Ra7 Kc8
28. Ra5 Rd5 29. Rxd5 Bxd5 30. Be3 Kb7 31. Rd1 Be6 32. Kh2 h5 33. Kg3 g6 34. Kf4
Rc8 35. Kxe4 Rc4+ 36. Bd4 Kc6 37. Kd3 Bd5 38. Rb1 Kb7 39. Rb5 Be6 40. Ra5 Rc8
41. Ra7+ Kc6 42. h4 Kd5 43. Ra5+ Kc6 44. Ke3 Rd8 45. Rc5+ Kb7 46. Rc7+ Ka6 47.
Ra7+ Kb5 48. f3 Bd5 49. Rc7 Ka6 50. Kf4 Rb8 51. Rd7 Be6 52. Ra7+ Kb5 53. Rc7 Ka6
54. Kg5 Rb7 55. Rxb7 Kxb7 56. g4 1-0

[Event "TCh-FRA Top 16 GpB 2025"]
[Site "Belfort FRA"]
[Date "2025.05.22"]
[Round "1.6"]
[White "Wirig, Anthony"]
[Black "Boyer, Mahel"]
[Result "1/2-1/2"]
[WhiteTitle "GM"]
[BlackTitle "GM"]
[WhiteElo "2438"]
[BlackElo "2521"]
[WhiteTeam "Grasse Echecs"]
[BlackTeam "Aix-En-Provence"]
[WhiteFideId "615013"]
[BlackFideId "45102422"]
[EventDate "2025.05.22"]

1. c4 e6 2. g3 d5 3. Bg2 d4 4. Nf3 Nc6 5. d3 Bb4+ 6. Bd2 a5 7. Bxb4 axb4 8. Nbd2
Nf6 9. O-O O-O 10. a3 bxa3 11. Qb3 Ra6 12. Rxa3 Rb6 13. Qa2 Nb4 14. Qb1 c5 15.
Ne1 e5 16. Nc2 Bf5 17. Nxb4 Rxb4 18. Qa2 h5 19. Rb3 Qb6 20. Rxb4 Qxb4 21. Rd1 h4
22. Qb3 Qxb3 23. Nxb3 b6 24. Nd2 h3 25. Bf1 Ra8 26. f3 Ra2 27. Rb1 Bd7 28. Nb3
Kf8 29. g4 Ke7 30. Bxh3 Nh5 31. Bf1 Nf4 32. Kf2 g5 33. Ke1 Kd6 34. Nd2 f5 35.
gxf5 Bxf5 36. b4 Kc6 37. bxc5 bxc5 38. Rb8 Ra1+ 39. Rb1 Ra8 40. Rb2 Rh8 41. Nb3
Rxh2 42. Na5+ Kd7 43. Rb7+ Ke6 44. Rb6+ Kd7 45. Rb7+ Kd6 46. Rb6+ Kd7 1/2-1/2

[Event "TCh-FRA Top 16 GpB 2025"]
[Site "Belfort FRA"]
[Date "2025.05.22"]
[Round "1.7"]
[White "Govciyan, Pavel"]
[Black "Sochacki, Christophe"]
[Result "1-0"]
[WhiteTitle "IM"]
[BlackTitle "GM"]
[WhiteElo "2421"]
[BlackElo "2458"]
[WhiteTeam "Aix-En-Provence"]
[BlackTeam "Grasse Echecs"]
[WhiteFideId "621838"]
[BlackFideId "662569"]
[EventDate "2025.05.22"]

1. Nf3 d5 2. d4 Nf6 3. g3 Bf5 4. c4 c6 5. Nc3 e6 6. Qb3 Qb6 7. c5 Qxb3 8. axb3
Be7 9. Bf4 O-O 10. b4 a6 11. h3 Nbd7 12. Nd2 Bc2 13. g4 Rfe8 14. e3 Bf8 15. Rc1
Bg6 16. Kd1 e5 17. dxe5 Nxe5 18. Bxe5 Rxe5 19. f4 Rxe3 20. f5 Rae8 21. fxg6 hxg6
22. Kc2 d4 23. Na2 Rg3 24. Bc4 Ree3 25. Rcg1 a5 26. Rxg3 Rxg3 27. Nc1 axb4 28.
Nd3 Rg2 29. Re1 g5 30. Kc1 Rg3 31. Ne4 Nxe4 32. Rxe4 Rxh3 33. Rxd4 Re3 34. Rd8
Re4 35. b3 g6 36. Rb8 Re7 37. Nxb4 Kg7 38. Rd8 f5 39. Rd4 Re1+ 40. Kd2 Bxc5 41.
Kxe1 Bxd4 42. Ke2 fxg4 43. Be6 g3 44. Kf3 Bc5 45. Na2 Bd6 46. Bc8 g4+ 47. Kg2 b6
48. Bd7 b5 49. Bxc6 b4 50. Nc1 Kf6 51. Ne2 Kf5 52. Bd7+ Kg5 53. Nxg3 Kf4 54. Be8
g5 55. Bd7 Be5 56. Ne2+ Ke4 57. Bxg4 Ke3 58. Ng1 Bf6 59. Be6 Be5 60. Nh3 Bf6 61.
Kg3 Kd4 62. Kg4 Ke5 63. Bc4 1-0

[Event "TCh-FRA Top 16 GpB 2025"]
[Site "Belfort FRA"]
[Date "2025.05.22"]
[Round "1.8"]
[White "Milliet, Sophie"]
[Black "Benmesbah, Natacha"]
[Result "1-0"]
[WhiteTitle "IM"]
[BlackTitle "WGM"]
[WhiteElo "2364"]
[BlackElo "2259"]
[WhiteTeam "Grasse Echecs"]
[BlackTeam "Aix-En-Provence"]
[WhiteFideId "623725"]
[BlackFideId "642002"]
[EventDate "2025.05.22"]

1. d4 Nf6 2. c4 g6 3. Nc3 Bg7 4. e4 d6 5. h3 e5 6. d5 Nbd7 7. Nf3 Nc5 8. Qc2 a5
9. Be3 Nfd7 10. g4 O-O 11. Be2 f5 12. gxf5 gxf5 13. exf5 e4 14. Nd4 Nd3+ 15.
Bxd3 exd3 16. Qxd3 Ne5 17. Qe4 Nxc4 18. Ne6 Bxe6 19. dxe6 d5 20. Nxd5 Nd6 21.
Qg4 Nxf5 22. O-O-O Qe8 23. e7 Nxe7 24. Nxe7+ Qxe7 25. Rd7 Qf6 26. Bd4 Qh6+ 27.
f4 Rf7 28. Rxf7 Kxf7 29. Qd7+ Kf8 30. Qf5+ 1-0

[Event "TCh-FRA Top 16 GpB 2025"]
[Site "Belfort FRA"]
[Date "2025.05.22"]
[Round "1.1"]
[White "Anton Guijarro, David"]
[Black "Fridman, Daniel"]
[Result "1/2-1/2"]
[WhiteTitle "GM"]
[BlackTitle "GM"]
[WhiteElo "2642"]
[BlackElo "2584"]
[WhiteTeam "Chalons-En-Champagne"]
[BlackTeam "Vandoeuvre Echecs"]
[WhiteFideId "2285525"]
[BlackFideId "11600454"]
[EventDate "2025.05.22"]

1. e4 e6 2. d4 d5 3. Nc3 Nf6 4. Bg5 dxe4 5. Nxe4 Be7 6. Nxf6+ Bxf6 7. Bxf6 Qxf6
8. Nf3 O-O 9. Qd3 Bd7 10. Qe3 Nc6 11. c3 Rfe8 12. O-O-O e5 13. d5 Nb8 14. Ng5
Bf5 15. f3 Qb6 16. Qxb6 axb6 17. g4 Bg6 18. Bb5 Rd8 19. a3 Nd7 20. h4 Nc5 21. b4
Rxa3 22. bxc5 Rxc3+ 23. Kd2 Rxc5 24. Be2 h6 25. Ne4 Rcxd5+ 26. Ke3 Rxd1 27. Bxd1
Ra8 28. Bc2 Kf8 29. h5 Bh7 30. Rb1 Ra3+ 31. Bd3 Ke7 32. Kd2 Ra2+ 33. Ke3 Ra3 34.
Kd2 Ra2+ 35. Ke3 Ra3 1/2-1/2

[Event "TCh-FRA Top 16 GpB 2025"]
[Site "Belfort FRA"]
[Date "2025.05.22"]
[Round "1.2"]
[White "Solodovnichenko, Yuri"]
[Black "Velten, Paul"]
[Result "1/2-1/2"]
[WhiteTitle "GM"]
[BlackTitle "GM"]
[WhiteElo "2511"]
[BlackElo "2542"]
[WhiteTeam "Vandoeuvre Echecs"]
[BlackTeam "Chalons-En-Champagne"]
[WhiteFideId "14104369"]
[BlackFideId "681091"]
[EventDate "2025.05.22"]

1. e4 c6 2. d4 d5 3. exd5 cxd5 4. Bd3 Nf6 5. h3 Nc6 6. c3 e5 7. dxe5 Nxe5 8. Nf3
Nxd3+ 9. Qxd3 Bd6 10. O-O O-O 11. Bg5 h6 12. Bh4 g5 13. Bg3 Nh5 14. Nd4 f5 15.
Nd2 f4 16. Bh2 Ng7 17. Rfe1 a6 18. Rad1 Qf6 19. N2f3 Bd7 20. Nb5 axb5 21. Qxd5+
Rf7 22. Qxd6 Bc6 23. Qb4 Bxf3 24. gxf3 Nf5 25. Qxb5 Nh4 26. Re8+ Rxe8 27. Qxe8+
Rf8 28. Qd7 Qf7 29. Qxf7+ Kxf7 30. Rd3 Re8 31. Kf1 b5 32. a3 Re7 33. Bg1 Re6 34.
Bh2 Kf6 35. Bg1 Kf7 36. Bh2 Kf6 37. Bg1 Re8 38. Bh2 Kg7 39. Rd7+ Kg6 40. Rd6+
Kg7 41. Rd7+ Kg6 42. Rd6+ Kg7 1/2-1/2

[Event "TCh-FRA Top 16 GpB 2025"]
[Site "Belfort FRA"]
[Date "2025.05.22"]
[Round "1.3"]
[White "Korobov, Anton"]
[Black "Hamitevici, Vladimir"]
[Result "1-0"]
[WhiteTitle "GM"]
[BlackTitle "GM"]
[WhiteElo "2631"]
[BlackElo "2423"]
[WhiteTeam "Chalons-En-Champagne"]
[BlackTeam "Vandoeuvre Echecs"]
[WhiteFideId "14105730"]
[BlackFideId "13902393"]
[EventDate "2025.05.22"]

1. d4 d5 2. c4 e6 3. Nc3 Nf6 4. cxd5 exd5 5. Bg5 c6 6. e3 h6 7. Bh4 Be7 8. Bd3
O-O 9. Nge2 Ne8 10. Bg3 Nd6 11. Qc2 a5 12. O-O Na6 13. a3 Re8 14. f3 b5 15. e4
Nc4 16. Bf2 b4 17. Bxc4 bxc3 18. Bd3 cxb2 19. Qxb2 Nc7 20. e5 Ba6 21. Bxa6 Rxa6
22. f4 a4 23. f5 Qb8 24. Qc1 Qb5 25. Ng3 Bg5 26. Qd1 c5 27. Qg4 c4 28. h4 Be7
29. Nh5 Bf8 30. e6 Kh8 31. Bg3 1-0